Volný pohyb pracovních sil a jeho výsledky v procesu utváření Evropského společenství
Právna úprava voľného pohybu pracovných síl v Európskom spoločenstve. Migrácia pracovníkov v Európskom spoločenstve v priebehu jeho vytvárania. Migrácia v rokoch 1973-1981. Migrácia v rokoch 1981- koniec deväťdesiatych rokov minulého storočia.
Gespeichert in:
| 1. Verfasser: | |
|---|---|
| Format: | Buchkapitel |
| Sprache: | Tschechisch |
| Schlagworte: | |
| Tags: |
Keine Tags, Fügen Sie das erste Tag hinzu!
|
MARC
| LEADER | 00000naa a2200000 4500 | ||
|---|---|---|---|
| 001 | r046490 | ||
| 005 | 20230929124604.8 | ||
| 041 | 0 | |a cze | |
| 044 | |a CZ | ||
| 245 | 1 | 0 | |a Volný pohyb pracovních sil a jeho výsledky v procesu utváření Evropského společenství |c Marian Lebiedzik |
| 520 | |a Právna úprava voľného pohybu pracovných síl v Európskom spoločenstve. Migrácia pracovníkov v Európskom spoločenstve v priebehu jeho vytvárania. Migrácia v rokoch 1973-1981. Migrácia v rokoch 1981- koniec deväťdesiatych rokov minulého storočia. | ||
| 610 | 2 | 0 | |a migrácia |
| 610 | 2 | 0 | |a sily pracovné |
| 610 | 2 | 0 | |a Európske spoločenstvá |
| 610 | 2 | 0 | |a pohyb síl pracovných |
| 610 | 2 | 0 | |a pohyb síl pracovných medzinárodný |
| 610 | 2 | 0 | |a trh práce |
| 100 | 1 | |a Lebiedzik, Marian | |